Bosnian/Serbo-Croatian Vocab - Statistics

General Stats
  • This quiz has been taken 64 times
  • The average score is 33 of 50
Answer Stats
Hint Answer % Correct
Dobro Good/Well
98%
Kako How
89%
Sve All/Everything
87%
Gde/Dže Where
87%
Riba Fish
85%
Bog God
85%
Jutro Morning
85%
Debelo Thick/Fat
85%
Star Old
83%
Sretan Happy/Joyful
81%
Ljudi People
81%
Kruh/Leb Bread
79%
Otac Father
79%
Zeleno Green
79%
Kad When
79%
Smrt Death
77%
Ako If
77%
Mir Peace
77%
Dijete Child/Kid
75%
Rijeka River
75%
Gladan Hungry
74%
Rat War
74%
Pametan Smart/Intelligent
72%
Umoran Tired
72%
Žedan Thirsty
68%
Dosadan Annoying/Boring
66%
Tužan Sad/Sorrowful
66%
Trava Grass
62%
Led Ice
62%
Ljubomoran Jealous
62%
Nogomet Soccer/Football
62%
Početak Start/Beginning
62%
Pakako/Dzehennem Hell
60%
Ružno Ugly
60%
Borba Fight/Battle
58%
Igraci Player/players
58%
Tanko Thin/Skinny
58%
Jut Angry/Mad
55%
Tepih Carpet/Rug
55%
Raj/Dzennet Heaven
53%
Zbunit Confused
47%
Zla Evil
47%
Zgodan Handsome
42%
Pa Well/But
40%
Uplešit Scared/Afraid
38%
Sud Court
36%
Oprosti Forgive
36%
Kriv Guilty
36%
Sudija Referee
30%
Prkos Defiance/Rebelliance
9%
No matching quizzes found
Score Distribution
Percent of People with Each Score
Percentile by Number Answered
Your Score History
You have not taken this quiz